000 00464nam a2200181Ia 4500
001 19160
005 20260306171723.0
008 260306s9999||||xx |||||||||||||| ||und||
041 _aESP
082 _a658.8
_bP84
100 _aPrahalad, C. K.
_eAUT
245 0 _aEl futuro de la competencia:
_bla co-creación de valor con los clientes
260 _c2007
300 _a271 páginas :
_c23 cm.
650 _aGEN
654 _aCAN
942 _cLIB
_dJUS
_fJUS
_2ddc
_n
999 _c19160
_d19160